<?xml version="1.0" encoding="UTF-8"?>
<marc:record xmlns:marc="http://www.loc.gov/MARC21/slim">
   <marc:leader>00000nam a2200000 a 4500</marc:leader>
   <marc:datafield ind1="1" ind2=" " tag="100">
      <marc:subfield code="a">Dawson, James R.</marc:subfield>
      <marc:subfield code="4">aut</marc:subfield>
      <marc:subfield code="e">Verfasser/-in</marc:subfield>
   </marc:datafield>
   <marc:datafield ind1="0" ind2="0" tag="245">
      <marc:subfield code="a">Sparks</marc:subfield>
   </marc:datafield>
   <marc:datafield ind1="0" ind2="0" tag="245">
      <marc:subfield code="b">Die Magie der Funken | Eine atemberaubende Reise durch Raum und Zeit</marc:subfield>
   </marc:datafield>
   <marc:datafield ind1=" " ind2="1" tag="264">
      <marc:subfield code="b">FISCHER Tor</marc:subfield>
      <marc:subfield code="c">2024</marc:subfield>
   </marc:datafield>
   <marc:datafield ind1="1" ind2=" " tag="520">
      <marc:subfield code="a">Wenige Jahre nach dem Ersten Weltkrieg zieht eine Truppe von Zirkusartisten mit außergewöhnlichen Talenten durch den Mittleren Westen der USA. Odette kann Krankheiten und Verletzungen heilen, Mauve sagt die Zukunft voraus und Rin vermag durch die Zeit zu reisen. Zu dritt versuchen sie, im Zirkus anderen übernatürlich Begabten Sicherheit zu bieten, denn das Leben ist für diese "Sparks" alles andere als einfach. Die Regierung versucht, sie zu instrumentalisieren oder wegzusperren. Und dann gibt es da noch den grausamen Mitternachtszirkus des mächtigen Circus King, der mit Rin noch eine Rechnung offen hat ...</marc:subfield>
   </marc:datafield>
   <marc:datafield ind1=" " ind2=" " tag="020">
      <marc:subfield code="a">9783596709953</marc:subfield>
      <marc:subfield code="9">9783596709953</marc:subfield>
   </marc:datafield>
</marc:record>
